Microbiology of water and wastewater (Record no. 395827)

MARC details
000 -LEADER
fixed length control field 00572 a2200217 4500
005 - DATE & TIME
control field 20260127103357.0
008 - FIXED-LENGTH DATA ELEMENTS--GENERAL INFORMATION
fixed length control field 260122b |||||||| |||| 00| 0 eng d
020 ## - ISBN
International Standard Book Number 9789349369351
Price Rs. 1995.00
040 ## - CATALOGING SOURCE
Original cataloging agency VIVEKANANDA LIBRARY
082 ## - DDC NUMBER
Classification number 628.01
Book Number K119M
100 ## - MAIN ENTRY--PERSONAL NAME
Personal name Kagne, Suresh Raghunathrao
245 ## - TITLE STATEMENT
Title Microbiology of water and wastewater
260 ## - PUBLICATION, DISTRIBUTION, ETC. (IMPRINT)
Name of publisher, distributor, etc Apex Publication
Date of publication, distribution, etc 2025
Place of publication, distribution, etc Jaipur
300 ## - PHYSICAL DESCRIPTION
Pages viii, 262
650 ## - Subject
Subject Microbiology
650 ## - Subject
Subject Microbes
650 ## - Subject
Subject Water Purification
650 ## - Subject
Subject Wastewater
700 ## - Added Entry Personal Name
Added Entry Personal Name Puri, Swati Suresh
942 ## - ADDED ENTRY ELEMENTS (KOHA)
Koha item type Books
Holdings
Withdrawn status Lost status Source of classification or shelving scheme Damaged status Not for loan Location (home branch) Sublocation or collection (holding branch) Shelving location Date acquired Koha issues (times borrowed) Koha full call number Accession No. Koha date last seen Koha item type
    Dewey Decimal Classification     VIVEKANANDA LIBRARY VIVEKANANDA LIBRARY Vivekananda Library 06/01/2026   628.01 K119M 444096 06/01/2026 Books
© Designed and Maintained by Vivekananda Library, MDU Rohtak